[Event "SVK-Cup13 fin email"]
[Site "Slovakia"]
[Date "2005.??.??"]
[Round "?"]
[White "Botta, Matej"]
[Black "Susedik, Ivan"]
[Result "1/2-1/2"]
[WhiteElo "2256"]
[BlackElo "2191"]
[PlyCount "106"]
[EventDate "2003.??.??"]
[EventType "tourn (corr)"]
[EventRounds "14"]
[EventCountry "SVK"]
[SourceTitle "Corr 2006"]
[Source "ChessBase"]
[SourceDate "2006.04.01"]
[SourceVersion "3"]
[SourceVersionDate "2006.04.01"]
[SourceQuality "1"]

1. e4 d6 2. d4 Nf6 3. Nc3 g6 4. f4 Bg7 5. Nf3 c5 6. Bb5+ Bd7 7. e5 Ng4 8. h3 cxd4 9. Qxd4 Bxb5 10. Nxb5 Nc6 11. Qd3 Nh6 12. exd6 0-0 13. d7 a6 14. Nc3 Nf5 15. 0-0 Qb6+ 16. Kh2 Rad8 17. Nd5 Qc5 18. Be3 Qd6 19. Rad1 Rxd7 20. Qe2 Qb8 21. Nf6+ exf6 22. Rxd7 Re8 23. Qc4 Rxe3 24. Qxf7+ Kh8 25. Nh4 Re7 26. Rxe7 Nfxe7 27. g3 Qg8 28. Qxg8+ Kxg8 29. c3 Kf7 30. Rd1 Ke6 31. Nf3 Nf5 32. g4 Nd6 33. Re1+ Kd7 34. Rd1 Ke6 35. Re1+ Kd7 36. Rd1 Bf8 37. Kg3 Ke6 38. Nd2 f5 39. Kf3 Bg7 40. Re1+ Kf7 41. gxf5 gxf5 42. Nf1 Ne7 43. Ne3 Bf8 44. a4 Ng6 45. Rd1 Ke6 46. Nd5 Ne4 47. Nc7+ Kf7 48. Nd5 Bd6 49. c4 Ke6 50. b4 b6 51. b5 a5 52. Rd3 Bc5 53. Nc7+ Ke7 1/2-1/2

[Event "SVK-Cup13 fin email"]
[Site "Slovakia"]
[Date "2004.10.13"]
[Round "84"]
[White "Matusek, Jan"]
[Black "Susedik, Ivan"]
[Result "0-1"]
[WhiteElo "2134"]
[BlackElo "2191"]
[PlyCount "80"]
[EventDate "2003.??.??"]
[EventType "tourn (corr)"]
[EventRounds "14"]
[EventCountry "SVK"]
[SourceTitle "Corr 2006"]
[Source "ChessBase"]
[SourceDate "2006.04.01"]
[SourceVersion "3"]
[SourceVersionDate "2006.04.01"]
[SourceQuality "1"]

1. e4 e5 2. Nf3 Nc6 3. d4 exd4 4. Nxd4 Bc5 5. Nxc6 Qf6 6. Qd2 dxc6 7. Nc3 Ne7 8. Qf4 Be6 9. Qxf6 gxf6 10. Be3 Bxe3 11. fxe3 Rd8 12. Be2 Ng6 13. 0-0 Ke7 14. Rad1 a5 15. b3 Ne5 16. Rd4 b6 17. Bh5 Rd6 18. Ne2 Rhd8 19. Rxd6 Rxd6 20. Ng3 c5 21. Nf5+ Bxf5 22. exf5 c4 23. Rd1 Rxd1+ 24. Bxd1 Kd6 25. Kf2 Kc5 26. Ke2 Kb4 27. a4 c5 28. e4 c3 29. Ke3 Ka3 30. Be2 Nc6 31. g4 Kb2 32. Bd1 Nb4 33. g5 Nxc2+ 34. Kd3 Nb4+ 35. Kc4 c2 36. Bxc2 Kxc2 37. gxf6 Nd3 38. Kd5 Kxb3 39. e5 Nxe5 40. Kxe5 c4 0-1

[Event "SVK-Cup13 fin email"]
[Site "Slovakia"]
[Date "2004.02.24"]
[Round "14"]
[White "Susedik, Ivan"]
[Black "Filipek, Jozef"]
[Result "1/2-1/2"]
[WhiteElo "2191"]
[BlackElo "2317"]
[PlyCount "38"]
[EventDate "2003.??.??"]
[EventType "tourn (corr)"]
[EventRounds "14"]
[EventCountry "SVK"]
[SourceTitle "Corr 2006"]
[Source "ChessBase"]
[SourceDate "2006.04.01"]
[SourceVersion "3"]
[SourceVersionDate "2006.04.01"]
[SourceQuality "1"]

1. e4 e5 2. Nf3 Nc6 3. Bb5 a6 4. Ba4 Nf6 5. 0-0 Be7 6. Re1 b5 7. Bb3 d6 8. c3 0-0 9. h3 Na5 10. Bc2 c5 11. d4 exd4 12. cxd4 Bb7 13. Nc3 Re8 14. e5 dxe5 15. dxe5 Nd7 16. Qe2 Nf8 17. Be4 Bxe4 18. Qxe4 Ng6 19. Nd5 Nc4 1/2-1/2

[Event "SVK-Cup13 fin email"]
[Site "Slovakia"]
[Date "2004.??.??"]
[Round "20"]
[White "Nagy, Peter"]
[Black "Susedik, Ivan"]
[Result "1/2-1/2"]
[WhiteElo "1951"]
[BlackElo "2191"]
[PlyCount "44"]
[EventDate "2003.??.??"]
[EventType "tourn (corr)"]
[EventRounds "14"]
[EventCountry "SVK"]
[SourceTitle "Corr 2006"]
[Source "ChessBase"]
[SourceDate "2006.04.01"]
[SourceVersion "3"]
[SourceVersionDate "2006.04.01"]
[SourceQuality "1"]

1. e4 e5 2. Nf3 Nc6 3. Bc4 Nf6 4. d4 exd4 5. e5 Ng4 6. 0-0 d6 7. exd6 Qxd6 8. Re1+ Be7 9. b3 0-0 10. Ba3 Qd7 11. Bxe7 Nxe7 12. Qxd4 Qxd4 13. Nxd4 Ng6 14. Nf3 Bf5 15. Nc3 Rad8 16. Bd5 c6 17. Be4 Bxe4 18. Rxe4 f5 19. Re2 h6 20. Rae1 Nf6 21. Kf1 Rfe8 22. Rxe8+ Rxe8 1/2-1/2

[Event "SVK-ch sf 29th corr"]
[Site "Slovakia"]
[Date "2003.09.03"]
[Round "?"]
[White "Mego, Peter"]
[Black "Susedik, Ivan"]
[Result "1/2-1/2"]
[WhiteElo "2109"]
[BlackElo "2150"]
[PlyCount "51"]
[EventDate "2003.03.08"]
[EventType "tourn (corr)"]
[EventRounds "10"]
[EventCountry "SVK"]
[SourceTitle "Corr 2004"]
[Source "ChessBase"]
[SourceDate "2003.04.28"]
[SourceVersion "3"]
[SourceVersionDate "2003.04.28"]
[SourceQuality "1"]

1. d4 Nf6 2. Nf3 g6 3. g3 Bg7 4. Bg2 d6 5. 0-0 Nc6 6. c3 0-0 7. Nbd2 e5 8. dxe5 Nxe5 9. Nxe5 dxe5 10. Nc4 Qe7 11. Bg5 h6 12. Bxf6 Bxf6 13. Qa4 Bg7 14. Rad1 f5 15. e3 Kh7 16. Rfe1 e4 17. Na5 c6 18. Rd2 Be6 19. Red1 Rfd8 20. Rxd8 Rxd8 21. Rxd8 Qxd8 22. Nxb7 Qb6 23. Nd6 c5 24. Nc4 Bxc4 25. Qxc4 Qxb2 26. Qxc5 1/2-1/2

[Event "SVK-Cup12 fin corr"]
[Site "Slovakia"]
[Date "2003.08.04"]
[Round "?"]
[White "Hires, Gabriel"]
[Black "Susedik, Ivan"]
[Result "1/2-1/2"]
[WhiteElo "2194"]
[BlackElo "2167"]
[PlyCount "83"]
[EventDate "2002.??.??"]
[EventType "tourn (corr)"]
[EventRounds "14"]
[EventCountry "SVK"]
[SourceTitle "Corr 2004"]
[Source "ChessBase"]
[SourceDate "2003.04.28"]
[SourceVersion "3"]
[SourceVersionDate "2003.04.28"]
[SourceQuality "1"]

1. e4 c5 2. c3 b6 3. d4 Bb7 4. Bd3 Nf6 5. Nd2 cxd4 6. cxd4 Nc6 7. Ngf3 Nb4 8. Bc4 b5 9. Bxb5 Qa5 10. a4 Ba6 11. Nc4 Nc2+ 12. Ke2 Bxb5 13. Qxc2 Ba6 14. Bd2 Qb6 15. Rhc1 Qe6 16. Ng5 Qg4+ 17. Kf1 h6 18. f3 Qh4 19. Nh3 d5 20. exd5 Qxd4 21. b4 Bxc4+ 22. Qxc4 Qxc4+ 23. Rxc4 Nxd5 24. Nf4 Nb6 25. Rc7 e6 26. a5 Nd7 27. Rac1 Kd8 28. Rb7 Bd6 29. Rd1 Ke7 30. Ne2 Rhb8 31. Rxd7+ Kxd7 32. Bf4 Rxb4 33. Bxd6 Rb5 34. Nc3 Rf5 35. g4 Rxf3+ 36. Kg2 Rxc3 37. Be5+ Kc6 38. Bxc3 f6 39. Rc1 Kb7 40. Rb1+ Ka6 41. Rd1 Rc8 42. Be1 1/2-1/2

[Event "SVK-Cup12 fin corr"]
[Site "Slovakia"]
[Date "2003.07.07"]
[Round "?"]
[White "Csjernyik, Jan"]
[Black "Susedik, Ivan"]
[Result "1/2-1/2"]
[WhiteElo "2307"]
[BlackElo "2167"]
[PlyCount "86"]
[EventDate "2002.??.??"]
[EventType "tourn (corr)"]
[EventRounds "14"]
[EventCountry "SVK"]
[SourceTitle "Corr 2004"]
[Source "ChessBase"]
[SourceDate "2003.04.28"]
[SourceVersion "3"]
[SourceVersionDate "2003.04.28"]
[SourceQuality "1"]

1. e4 c5 2. Nf3 Nc6 3. d4 cxd4 4. Nxd4 Qb6 5. Nb3 Nf6 6. Nc3 e6 7. Bd3 a6 8. 0-0 Be7 9. Be3 Qc7 10. f4 d6 11. a4 b6 12. g4 Nd7 13. g5 Nc5 14. Nxc5 dxc5 15. Rf2 Bb7 16. Qh5 g6 17. Qh3 Nb4 18. Bf1 0-0-0 19. Bg2 h6 20. gxh6 f5 21. a5 b5 22. exf5 gxf5 23. Rd1 Rxd1+ 24. Nxd1 Bf8 25. Qh5 Bxh6 26. Qg6 Qe7 27. Rd2 Bxg2 28. Kxg2 Kb8 29. Nf2 c4 30. h3 Bf8 31. Bd4 Rh6 32. Be5+ Kc8 33. Qg8 Nd5 34. Kh1 Kd7 35. b3 cxb3 36. cxb3 Ke8 37. Rc2 Qb7 38. Qg2 Qd7 39. Nd3 Ne7 40. Nb4 Qd8 41. Kh2 Rg6 42. Qb7 Kf7 43. Qb6 Qd1 1/2-1/2

[Event "SVK-Cup12 fin corr"]
[Site "Slovakia"]
[Date "2003.06.02"]
[Round "?"]
[White "Susedik, Ivan"]
[Black "Fenes, Ladislav"]
[Result "1/2-1/2"]
[WhiteElo "2167"]
[BlackElo "2373"]
[PlyCount "92"]
[EventDate "2002.??.??"]
[EventType "tourn (corr)"]
[EventRounds "14"]
[EventCountry "SVK"]
[SourceTitle "Corr 2004"]
[Source "ChessBase"]
[SourceDate "2003.04.28"]
[SourceVersion "3"]
[SourceVersionDate "2003.04.28"]
[SourceQuality "1"]

1. e4 c5 2. Nf3 d6 3. d4 cxd4 4. Nxd4 Nf6 5. Nc3 a6 6. Be3 Ng4 7. Bg5 h6 8. Bh4 g5 9. Bg3 Bg7 10. h3 Nf6 11. Be2 Qb6 12. Nb3 Be6 13. 0-0 Nc6 14. Nd5 Qd8 15. f3 Nh5 16. Bf2 Rc8 17. c3 Be5 18. Qd2 Bf4 19. Nxf4 gxf4 20. Nd4 Rg8 21. Nxe6 fxe6 22. b4 Kf7 23. Rab1 Qf8 24. Bh4 Qg7 25. g4 Ne5 26. b5 Ng6 27. Bf2 Ng3 28. Bxg3 fxg3 29. Rb3 a5 30. f4 b6 31. f5 Nh4 32. fxe6+ Ke8 33. Qf4 g2 34. Qf7+ Kd8 35. Rd1 Qxf7 36. exf7 Rf8 37. Rd5 Ng6 38. Rf5 e5 39. Rf6 Nf4 40. Bf3 Nxh3+ 41. Kxg2 Nf4+ 42. Kf2 Ke7 43. Rxh6 Rh8 44. Rxh8 Rxh8 45. Rb1 Rh2+ 46. Kg3 Rh3+ 1/2-1/2

[Event "SVK-Cup12 fin corr"]
[Site "Slovakia"]
[Date "2003.04.03"]
[Round "?"]
[White "Susedik, Ivan"]
[Black "Luptak, Peter"]
[Result "1/2-1/2"]
[WhiteElo "2167"]
[BlackElo "2369"]
[PlyCount "77"]
[EventDate "2002.??.??"]
[EventType "tourn (corr)"]
[EventRounds "14"]
[EventCountry "SVK"]
[SourceTitle "Corr 2004"]
[Source "ChessBase"]
[SourceDate "2003.04.28"]
[SourceVersion "3"]
[SourceVersionDate "2003.04.28"]
[SourceQuality "1"]

1. e4 e5 2. Nf3 Nc6 3. Bb5 a6 4. Ba4 Nf6 5. 0-0 Be7 6. d3 b5 7. Bb3 0-0 8. Re1 Bb7 9. Nbd2 d6 10. a4 Na5 11. Ba2 c5 12. c3 h6 13. Nf1 Re8 14. Ng3 Bf8 15. Nd2 Bc6 16. axb5 axb5 17. Nh5 Nxh5 18. Qxh5 d5 19. exd5 Bxd5 20. Bxd5 Qxd5 21. Ne4 Qc6 22. Qf3 Nb7 23. Rxa8 Rxa8 24. c4 b4 25. Qh5 Qe6 26. Nd2 Qd7 27. Qf3 f6 28. h3 Ra1 29. Nb3 Ra2 30. Nd2 Na5 31. Qe4 Nc6 32. Nb3 Nd4 33. Nxd4 Qxd4 34. Qg6 Ra8 35. Qf5 b3 36. Rd1 Qd8 37. Bd2 Ra2 38. Bc3 Ra6 39. f4 1/2-1/2

[Event "SVK-ch sf 29th corr"]
[Site "Slovakia"]
[Date "2003.??.??"]
[Round "?"]
[White "Kral, Jozef"]
[Black "Susedik, Ivan"]
[Result "1/2-1/2"]
[WhiteElo "2174"]
[BlackElo "2150"]
[PlyCount "48"]
[EventDate "2003.03.08"]
[EventType "tourn (corr)"]
[EventRounds "10"]
[EventCountry "SVK"]
[SourceTitle "Corr 2008"]
[Source "ChessBase"]
[SourceDate "2008.06.24"]
[SourceVersion "1"]
[SourceVersionDate "2008.06.24"]
[SourceQuality "1"]

1. e4 c5 2. Nf3 e6 3. d4 cxd4 4. Nxd4 a6 5. Nc3 b5 6. Bd3 d6 7. 0-0 Nf6 8. Qe2 Be7 9. Bd2 0-0 10. a4 b4 11. Na2 Qb6 12. c3 bxc3 13. Bxc3 Nbd7 14. Nb4 Ne5 15. Rac1 Bb7 16. a5 Qa7 17. Ndc6 Nxc6 18. Nxc6 Bxc6 19. Bxf6 Bxf6 20. Rxc6 Qd7 21. Rxa6 Rxa6 22. Bxa6 Rb8 23. Rb1 Qd8 24. b4 Qxa5 1/2-1/2

[Event "SVK Cup13 corr"]
[Site "Slovakia"]
[Date "2003.??.??"]
[Round "?"]
[White "Magula, Rene"]
[Black "Susedik, Ivan"]
[Result "0-1"]
[WhiteElo "2071"]
[BlackElo "2191"]
[PlyCount "33"]
[EventDate "2003.10.01"]
[EventType "tourn (corr)"]
[EventRounds "13"]
[EventCountry "SVK"]
[SourceTitle "Corr 2008"]
[Source "ChessBase"]
[SourceDate "2008.06.24"]
[SourceVersion "1"]
[SourceVersionDate "2008.06.24"]
[SourceQuality "1"]

1. e4 e5 2. Nf3 Nc6 3. d4 exd4 4. Nxd4 Nf6 5. Nxc6 bxc6 6. Bd3 d5 7. exd5 cxd5 8. 0-0 Be7 9. Nc3 0-0 10. Re1 Rb8 11. Rb1 Bg4 12. Ne2 c5 13. h3 Bh5 14. c3 Re8 15. Bc2 Bd6 16. f3 Re5 17. Nf4 0-1

[Event "SVK-ch sf 29th corr"]
[Site "Slovakia"]
[Date "2003.??.??"]
[Round "?"]
[White "Susedik, Ivan"]
[Black "Botta, Matej"]
[Result "1/2-1/2"]
[WhiteElo "2150"]
[BlackElo "2243"]
[PlyCount "57"]
[EventDate "2003.03.08"]
[EventType "tourn (corr)"]
[EventRounds "10"]
[EventCountry "SVK"]
[SourceTitle "Corr 2008"]
[Source "ChessBase"]
[SourceDate "2008.06.24"]
[SourceVersion "1"]
[SourceVersionDate "2008.06.24"]
[SourceQuality "1"]

1. e4 e5 2. Nf3 Nc6 3. Bb5 a6 4. Ba4 Nf6 5. d3 b5 6. Bb3 Bc5 7. 0-0 d6 8. h3 h6 9. c3 0-0 10. Re1 Bb7 11. Nh4 Ne7 12. Qf3 Kh7 13. a4 Qd7 14. Bd2 Rad8 15. Bc2 Bb6 16. axb5 axb5 17. Na3 c5 18. Rad1 Bc6 19. Be3 Ba5 20. Ra1 Ra8 21. Red1 Ng6 22. Nf5 Qe6 23. c4 b4 24. Nb1 Ra6 25. Nd2 Rfa8 26. Ba4 Bxa4 27. Rxa4 Bd8 28. Rxa6 Rxa6 29. Rb1 1/2-1/2

[Event "SVK-chT 5th B03 corr"]
[Site "Slovakia"]
[Date "2002.02.15"]
[Round "?"]
[White "Marko, Martin"]
[Black "Susedik, Ivan"]
[Result "1-0"]
[WhiteElo "2134"]
[BlackElo "2167"]
[PlyCount "118"]
[EventDate "2002.02.15"]
[EventType "team (corr)"]
[EventRounds "14"]
[EventCountry "SVK"]
[SourceTitle "Corr 2004"]
[Source "ChessBase"]
[SourceDate "2003.04.28"]
[SourceVersion "3"]
[SourceVersionDate "2003.04.28"]
[SourceQuality "1"]

1. c4 Nf6 2. Nc3 g6 3. g3 c6 4. Bg2 Bg7 5. e4 0-0 6. d4 d6 7. Nge2 e5 8. d5 cxd5 9. exd5 Bf5 10. b3 Na6 11. h3 Nc5 12. 0-0 Nfe4 13. Be3 Nxc3 14. Nxc3 Bd3 15. Re1 e4 16. Rc1 Re8 17. Qd2 f5 18. Kh2 Be5 19. f3 exf3 20. Bxc5 fxg2 21. Bxd6 g1Q+ 22. Rxg1 Qxd6 23. Qxd3 Rad8 24. Rgf1 a6 25. Ne2 Rd7 26. Kg2 Bb2 27. Rc2 Ba3 28. Nf4 Rde7 29. Rf3 Re4 30. Ne6 Bc5 31. Kh2 Re5 32. Qf1 Be3 33. Re2 Bb6 34. Rc3 Rxe2+ 35. Qxe2 Bd4 36. Rc2 Bf6 37. Qf3 b6 38. a4 a5 39. Re2 Be5 40. Qe3 Bf6 41. Kg2 Re7 42. h4 Rf7 43. h5 gxh5 44. Qh6 h4 45. gxh4 f4 46. Qh5 Bg7 47. Ng5 f3+ 48. Kh1 Qg6 49. Qxg6 hxg6 50. Re8+ Rf8 51. Rxf8+ Bxf8 52. Nxf3 Kg7 53. Kg2 Kf6 54. Kh3 Bc5 55. Kg4 Bb4 56. Nd4 Be7 57. Nc6 Bc5 58. Nb8 Bd4 59. Kh3 Kf5 1-0

[Event "SVK-chT 5th B03 corr"]
[Site "Slovakia"]
[Date "2002.02.15"]
[Round "?"]
[White "Obona, Jan"]
[Black "Susedik, Ivan"]
[Result "1/2-1/2"]
[WhiteElo "2036"]
[BlackElo "2167"]
[PlyCount "61"]
[EventDate "2002.02.15"]
[EventType "team (corr)"]
[EventRounds "14"]
[EventCountry "SVK"]
[SourceTitle "Corr 2004"]
[Source "ChessBase"]
[SourceDate "2003.04.28"]
[SourceVersion "3"]
[SourceVersionDate "2003.04.28"]
[SourceQuality "1"]

1. d4 Nf6 2. c4 g6 3. Nc3 d5 4. Nf3 Bg7 5. Qb3 dxc4 6. Qxc4 0-0 7. e4 Na6 8. Be2 c5 9. d5 e6 10. 0-0 exd5 11. exd5 Bf5 12. Be3 Qb6 13. b3 Rfe8 14. Rad1 Rad8 15. Rfe1 Qa5 16. h3 h6 17. Bf1 Bc2 18. Rc1 Be4 19. Qb5 Qb6 20. Na4 Qc7 21. Nxc5 Nxc5 22. Bxc5 Qb8 23. d6 Bxf3 24. gxf3 Bf8 25. Red1 a6 26. Qb6 Nd7 27. Qc7 Nxc5 28. Qxb8 Rxb8 29. Rxc5 Red8 30. Rcd5 Rd7 31. a4 1/2-1/2

[Event "SVK-chT 5th B03 corr"]
[Site "Slovakia"]
[Date "2002.02.15"]
[Round "?"]
[White "Povchanic, Daniel"]
[Black "Susedik, Ivan"]
[Result "1-0"]
[WhiteElo "2320"]
[BlackElo "2167"]
[PlyCount "109"]
[EventDate "2002.02.15"]
[EventType "team (corr)"]
[EventRounds "14"]
[EventCountry "SVK"]
[SourceTitle "Corr 2004"]
[Source "ChessBase"]
[SourceDate "2003.04.28"]
[SourceVersion "3"]
[SourceVersionDate "2003.04.28"]
[SourceQuality "1"]

1. e4 c5 2. Nf3 d6 3. d4 cxd4 4. Nxd4 Nf6 5. Nc3 Bd7 6. f3 e5 7. Nb3 Bc6 8. Be3 Be7 9. Qd2 a5 10. a4 d5 11. exd5 Nxd5 12. Nxd5 Bxd5 13. Bb5+ Bc6 14. Qxd8+ Kxd8 15. 0-0-0+ Kc7 16. Bxc6 Nxc6 17. Rd5 Rhd8 18. Rb5 Ra6 19. Rd1 Rxd1+ 20. Kxd1 f6 21. Nd2 b6 22. Nc4 Nd4 23. Bxd4 exd4 24. Kd2 Bc5 25. Kd3 Ra8 26. Nd2 Rd8 27. Nb3 Bd6 28. Rh5 h6 29. Nxd4 Bc5 30. c3 Re8 31. h4 Re1 32. g4 Bxd4 33. cxd4 Rd1+ 34. Ke4 Re1+ 35. Kf5 Rf1 36. Kg6 Rxf3 37. Kxg7 Rf4 38. d5 Kd6 39. Rxh6 Rxg4+ 40. Kxf6 Rxa4 41. Kg5+ Kxd5 42. Rxb6 Ra1 43. h5 Rg1+ 44. Kf6 Kc5 45. Ra6 Kb5 46. Ra8 Rf1+ 47. Kg7 Rg1+ 48. Kh7 Rg5 49. h6 Ka4 50. Rg8 Rd5 51. Kg6 Rd6+ 52. Kh5 Rd7 53. Rg4+ Kb3 54. Rg7 Rd3 55. Rb7+ 1-0

[Event "SVK-chT 5th B03 corr"]
[Site "Slovakia"]
[Date "2002.02.15"]
[Round "?"]
[White "Susedik, Ivan"]
[Black "Obona, Jan"]
[Result "1/2-1/2"]
[WhiteElo "2167"]
[BlackElo "2036"]
[PlyCount "58"]
[EventDate "2002.02.15"]
[EventType "team (corr)"]
[EventRounds "14"]
[EventCountry "SVK"]
[SourceTitle "Corr 2004"]
[Source "ChessBase"]
[SourceDate "2003.04.28"]
[SourceVersion "3"]
[SourceVersionDate "2003.04.28"]
[SourceQuality "1"]

1. c4 e5 2. g3 Nf6 3. Bg2 c6 4. d4 exd4 5. Qxd4 d5 6. Nf3 Be7 7. cxd5 cxd5 8. 0-0 Nc6 9. Qa4 Qb6 10. Nc3 0-0 11. Qb5 Qxb5 12. Nxb5 Bf5 13. Bf4 Rac8 14. Rac1 Ne4 15. Rfd1 Be6 16. Nfd4 Nxd4 17. Nxd4 Bd7 18. e3 Rxc1 19. Rxc1 Rc8 20. Rxc8+ Bxc8 21. Kf1 Bd7 22. Ke2 a6 23. h3 h5 24. Be5 f6 25. Bb8 Kf7 26. f3 Nc5 27. Ba7 g6 28. Bxc5 Bxc5 29. f4 Bc6 1/2-1/2

[Event "SVK-chT 5th B03 corr"]
[Site "Slovakia"]
[Date "2002.02.15"]
[Round "?"]
[White "Susedik, Ivan"]
[Black "Zalcik, Vaclav"]
[Result "0-1"]
[WhiteElo "2167"]
[BlackElo "2126"]
[PlyCount "90"]
[EventDate "2002.02.15"]
[EventType "team (corr)"]
[EventRounds "14"]
[EventCountry "SVK"]
[SourceTitle "Corr 2004"]
[Source "ChessBase"]
[SourceDate "2003.04.28"]
[SourceVersion "3"]
[SourceVersionDate "2003.04.28"]
[SourceQuality "1"]

1. c4 e5 2. g3 Nf6 3. Bg2 c6 4. d4 exd4 5. Qxd4 d5 6. Nc3 Na6 7. Bg5 dxc4 8. Qxc4 Qb6 9. Bxf6 gxf6 10. 0-0-0 Be6 11. Qf4 f5 12. Rd2 Rg8 13. Nh3 Rg4 14. Qf3 Nc5 15. Qe3 Na4 16. Qxb6 axb6 17. Nf4 Bh6 18. e3 Nxc3 19. bxc3 Bxa2 20. h3 Rg8 21. Ne2 Be6 22. Kb1 Ke7 23. Nd4 Bg7 24. Rhd1 Rgd8 25. Rb2 b5 26. Kc2 h6 27. h4 Ra4 28. Bf3 Bd7 29. h5 c5 30. Nxb5 Ra5 31. Be2 f4 32. e4 fxg3 33. fxg3 f5 34. Bd3 Bc6 35. exf5 Rxd3 36. Rxd3 Rxb5 37. Rxb5 Bxb5 38. Re3+ Kf7 39. Kb3 Bc6 40. Kc4 Kf6 41. Kxc5 Kxf5 42. Kd6 Kg5 43. Ke6 Bb5 44. Kd5 Kxh5 45. Re7 Bc6+ 0-1

[Event "SVK-chT 5th B03 corr"]
[Site "Slovakia"]
[Date "2002.02.15"]
[Round "?"]
[White "Toma, Rudolf"]
[Black "Susedik, Ivan"]
[Result "1/2-1/2"]
[WhiteElo "2084"]
[BlackElo "2167"]
[PlyCount "40"]
[EventDate "2002.02.15"]
[EventType "team (corr)"]
[EventRounds "14"]
[EventCountry "SVK"]
[SourceTitle "Corr 2004"]
[Source "ChessBase"]
[SourceDate "2003.04.28"]
[SourceVersion "3"]
[SourceVersionDate "2003.04.28"]
[SourceQuality "1"]

1. c4 Nf6 2. Nc3 e5 3. g3 Bb4 4. Bg2 0-0 5. d3 Re8 6. e4 c6 7. Nge2 d5 8. exd5 cxd5 9. 0-0 d4 10. Nd5 Nxd5 11. Bxd5 Nd7 12. a3 Bd6 13. f4 Nf6 14. Bf3 Bh3 15. Re1 Qd7 16. fxe5 Bxe5 17. Nf4 Bg4 18. Bxg4 Nxg4 19. Qf3 Bd6 20. Bd2 Ne5 1/2-1/2

[Event "SVK-ch 1st G1 email"]
[Site "Slovakia"]
[Date "2001.??.??"]
[Round "?"]
[White "Bielik, Peter"]
[Black "Susedik, Ivan"]
[Result "0-1"]
[WhiteElo "1890"]
[BlackElo "2117"]
[PlyCount "50"]
[EventDate "2001.11.05"]
[EventType "tourn (corr)"]
[EventRounds "6"]
[EventCountry "SVK"]
[SourceTitle "Corr 2002"]
[Source "ChessBase"]
[SourceDate "2002.05.23"]
[SourceVersion "1"]
[SourceVersionDate "2002.05.23"]
[SourceQuality "1"]

1. e4 Nf6 2. Nc3 e5 3. Bc4 Nxe4 4. Qh5 Nd6 5. Qxe5+ Qe7 6. Qxe7+ Bxe7 7. Bb3 Nc6 8. Nd5 Bd8 9. Nf3 0-0 10. 0-0 Na5 11. Re1 Re8 12. Rxe8+ Nxe8 13. d3 Nxb3 14. axb3 c6 15. Nc3 d5 16. Be3 a6 17. Na4 Bg4 18. Ne5 Bf5 19. Nb6 Rb8 20. Ned7 Bxd7 21. Nxd7 Rc8 22. Nc5 Rb8 23. Re1 Be7 24. Bf4 Bd6 25. Re7 Bxe7 0-1

[Event "SVK-ch 1st G1 email"]
[Site "Slovakia"]
[Date "2001.??.??"]
[Round "?"]
[White "Kulcar, Ladislav"]
[Black "Susedik, Ivan"]
[Result "1/2-1/2"]
[WhiteElo "1600"]
[BlackElo "2117"]
[PlyCount "45"]
[EventDate "2001.11.05"]
[EventType "tourn (corr)"]
[EventRounds "6"]
[EventCountry "SVK"]
[SourceTitle "Corr 2002"]
[Source "ChessBase"]
[SourceDate "2002.05.23"]
[SourceVersion "1"]
[SourceVersionDate "2002.05.23"]
[SourceQuality "1"]

1. e4 Nf6 2. e5 Nd5 3. d4 d6 4. c4 Nb6 5. f4 Bf5 6. Bd3 Bxd3 7. Qxd3 dxe5 8. fxe5 c5 9. Nf3 cxd4 10. Qxd4 Nc6 11. Qe4 e6 12. 0-0 Nb4 13. a3 Qd3 14. Nbd2 Qxe4 15. Nxe4 Nd3 16. b3 Nc5 17. Nxc5 Bxc5+ 18. Kh1 0-0 19. Bb2 Rfd8 20. Rad1 h6 21. g4 Rac8 22. Kg2 Nd7 23. Nd2 1/2-1/2

[Event "SVK-Cup11 corr"]
[Site "Slovakia"]
[Date "2001.??.??"]
[Round "?"]
[White "Susedik, Ivan"]
[Black "Bazela, Emil"]
[Result "0-1"]
[WhiteElo "2117"]
[BlackElo "2398"]
[PlyCount "76"]
[EventDate "2001.??.??"]
[EventType "tourn (corr)"]
[EventRounds "10"]
[EventCountry "SVK"]
[SourceTitle "Corr 2002"]
[Source "ChessBase"]
[SourceDate "2002.05.23"]
[SourceVersion "1"]
[SourceVersionDate "2002.05.23"]
[SourceQuality "1"]

1. d4 Nf6 2. c4 g6 3. Nc3 d5 4. cxd5 Nxd5 5. e4 Nxc3 6. bxc3 Bg7 7. Nf3 c5 8. Bb2 0-0 9. Be2 cxd4 10. cxd4 Qa5+ 11. Qd2 Qxd2+ 12. Nxd2 Nc6 13. Nb3 a5 14. a4 Be6 15. Nc5 Nxd4 16. Nxe6 Nxe6 17. Rb1 Bxb2 18. Rxb2 Nc5 19. 0-0 Rab8 20. Rfb1 Nxa4 21. Rxb7 Rxb7 22. Rxb7 Nc3 23. Bf1 Ra8 24. Rxe7 Kf8 25. Rc7 Nxe4 26. Bb5 Nd6 27. Ba4 Rc8 28. Rxc8+ Nxc8 29. Bb3 Nb6 30. Kf1 a4 31. Ba2 Ke7 32. Ke2 f6 33. Kd3 Kd6 34. Kc3 Kc5 35. h4 Nd5+ 36. Bxd5 Kxd5 37. Kb4 Kd4 38. Kxa4 Kd3 0-1

[Event "SVK-ch 1st G1 email"]
[Site "Slovakia"]
[Date "2001.??.??"]
[Round "?"]
[White "Susedik, Ivan"]
[Black "Borik, Juraj"]
[Result "1-0"]
[WhiteElo "2117"]
[BlackElo "2116"]
[PlyCount "41"]
[EventDate "2001.11.05"]
[EventType "tourn (corr)"]
[EventRounds "6"]
[EventCountry "SVK"]
[SourceTitle "Corr 2002"]
[Source "ChessBase"]
[SourceDate "2002.05.23"]
[SourceVersion "1"]
[SourceVersionDate "2002.05.23"]
[SourceQuality "1"]

1. d4 Nf6 2. c4 e5 3. dxe5 Ng4 4. Nf3 Nc6 5. Bg5 Be7 6. Bxe7 Qxe7 7. Nc3 Ngxe5 8. Nxe5 Nxe5 9. Qd4 c6 10. f4 Ng6 11. Qxg7 d5 12. cxd5 Bf5 13. dxc6 0-0-0 14. g3 h5 15. cxb7+ Kb8 16. Rd1 h4 17. Rxd8+ Rxd8 18. Bg2 hxg3 19. hxg3 Qe3 20. Bf3 Bg4 21. Qf6 1-0

[Event "SVK-Cup11 corr"]
[Site "Slovakia"]
[Date "2001.??.??"]
[Round "?"]
[White "Susedik, Ivan"]
[Black "Nalepovic, Jozef"]
[Result "1-0"]
[WhiteElo "2117"]
[BlackElo "2049"]
[PlyCount "75"]
[EventDate "2001.??.??"]
[EventType "tourn (corr)"]
[EventRounds "10"]
[EventCountry "SVK"]
[SourceTitle "Corr 2002"]
[Source "ChessBase"]
[SourceDate "2002.05.23"]
[SourceVersion "1"]
[SourceVersionDate "2002.05.23"]
[SourceQuality "1"]

1. d4 Nf6 2. c4 g6 3. Nc3 Bg7 4. e4 d6 5. Nf3 0-0 6. Be2 e5 7. 0-0 Nc6 8. d5 Ne7 9. Ne1 Nd7 10. Nd3 f5 11. Bd2 fxe4 12. Nxe4 h6 13. f3 g5 14. Re1 b5 15. b3 Bb7 16. Ndf2 bxc4 17. bxc4 Nf5 18. Rb1 Rb8 19. Qa4 a6 20. Ng4 Nd4 21. Bd3 Nb6 22. Qa3 Nd7 23. Ba5 Qc8 24. Bb4 Ba8 25. Bxd6 cxd6 26. Qxd6 Nf5 27. Qe6+ Kh8 28. Rxb8 Nxb8 29. Nxg5 hxg5 30. Qxc8 Rxc8 31. Bxf5 Rc7 32. Nxe5 Bf6 33. Nd3 Kg7 34. Re8 Rb7 35. Kf2 Kf7 36. Rc8 Ke7 37. Kg3 a5 38. c5 1-0